Separate and unequal : (Record no. 18491)

MARC details
000 -LEADER
fixed length control field 00946cam a2200301 i 4500
001 - CONTROL NUMBER
control field 4603335
003 - CONTROL NUMBER IDENTIFIER
control field BDDh-ASL
005 - DATE AND TIME OF LATEST TRANSACTION
control field 20231015025717.0
008 - FIXED-LENGTH DATA ELEMENTS--GENERAL INFORMATION
fixed length control field 760817s1976 ii b 001 0 eng
010 ## - LIBRARY OF CONGRESS CONTROL NUMBER
LC control number 76371102
015 ## - NATIONAL BIBLIOGRAPHY NUMBER
National bibliography number C***
020 ## - INTERNATIONAL STANDARD BOOK NUMBER
International Standard Book Number 0774800461
040 ## - CATALOGING SOURCE
Original cataloging agency DLC
Transcribing agency DLC
Modifying agency BDDh-ASL
043 ## - GEOGRAPHIC AREA CODE
Geographic area code a-ii---
-- b------
050 00 - LIBRARY OF CONGRESS CALL NUMBER
Classification number DS432.5
Item number .T55 1976b
082 00 - DEWEY DECIMAL CLASSIFICATION NUMBER
Classification number 941.9098
Item number TIS
100 1# - MAIN ENTRY--PERSONAL NAME
Personal name Tinker, Hugh.
245 10 - TITLE STATEMENT
Title Separate and unequal :
Remainder of title India and the Indians in the British Commonwealth, 1920-1950 /
Statement of responsibility, etc. by Hugh Tinker.
260 ## - PUBLICATION, DISTRIBUTION, ETC.
Place of publication, distribution, etc. Vancouver :
Name of publisher, distributor, etc. University of British Columbia Press,
Date of publication, distribution, etc. 1976.
300 ## - PHYSICAL DESCRIPTION
Extent 460 p. ;
Dimensions 23 cm.
500 ## - GENERAL NOTE
General note Includes index.
504 ## - BIBLIOGRAPHY, ETC. NOTE
Bibliography, etc. note Bibliography: p. 444-450.
650 #0 - SUBJECT ADDED ENTRY--TOPICAL TERM
Topical term or geographic name entry element East Indians
Geographic subdivision Foreign countries.
651 #0 - SUBJECT ADDED ENTRY--GEOGRAPHIC NAME
Geographic name Commonwealth countries
General subdivision Race relations.
651 #0 - SUBJECT ADDED ENTRY--GEOGRAPHIC NAME
Geographic name Commonwealth countries.
906 ## - LOCAL DATA ELEMENT F, LDF (RLIN)
a 7
b cbc
c orignew
d 4
e ncip
f 19
g y-gencatlg
942 ## - ADDED ENTRY ELEMENTS (KOHA)
Source of classification or shelving scheme Dewey Decimal Classification
Koha item type Books
Holdings
Withdrawn status Lost status Source of classification or shelving scheme Damaged status Not for loan Collection code Home library Current library Shelving location Date acquired Source of acquisition Total Checkouts Full call number Barcode Date last seen Copy number Price effective from Koha item type Public note
    Dewey Decimal Classification   Not For Loan Non-fiction Asiatic Society Library Asiatic Society Library Harrison Collection 10/12/2020 Donated by Prof. John B. Harrison   941.9098 TIS 101683 10/12/2020 C-1 10/12/2020 Books RARE

Powered by Koha